How to see : (Record no. 27507)

000 -LEADER
fixed length control field 01104cam a22002777a 4500
001 - CONTROL NUMBER
control field 13348678
005 - DATE AND TIME OF LATEST TRANSACTION
control field 20170208155954.0
008 - FIXED-LENGTH DATA ELEMENTS--GENERAL INFORMATION
fixed length control field 030922s2003 caua 000 0 eng d
010 ## - LIBRARY OF CONGRESS CONTROL NUMBER
LC control number 2003113100
020 ## - INTERNATIONAL STANDARD BOOK NUMBER
International Standard Book Number 0974491802
035 ## - SYSTEM CONTROL NUMBER
System control number (DLC)13348678
040 ## - CATALOGING SOURCE
Original cataloging agency MIA
Transcribing agency MIA
Modifying agency FUG
-- DLC
042 ## - AUTHENTICATION CODE
Authentication code lccopycat
050 00 - LIBRARY OF CONGRESS CALL NUMBER
Classification number N7430.5
Item number .N39 2003
100 1# - MAIN ENTRY--PERSONAL NAME
Personal name Nelson, George,
Dates associated with a name 1908-1986.
245 10 - TITLE STATEMENT
Title How to see :
Remainder of title a guide to reading our man-made environment /
Statement of responsibility, etc. George Nelson.
246 18 - VARYING FORM OF TITLE
Title proper/short title George Nelson :
Remainder of title how to see
260 ## - PUBLICATION, DISTRIBUTION, ETC. (IMPRINT)
Place of publication, distribution, etc. Oakland, Calif. :
Name of publisher, distributor, etc. Design Within Reach,
Date of publication, distribution, etc. c2003.
300 ## - PHYSICAL DESCRIPTION
Extent xxi, 140 p. ;
Other physical details ill. (some col.) ;
Dimensions 23 cm.
500 ## - GENERAL NOTE
General note Rev. ed. of: How to see. Boston : Little, Brown, 1977.
650 #0 - SUBJECT ADDED ENTRY--TOPICAL TERM
Topical term or geographic name as entry element Visual perception.
906 ## - LOCAL DATA ELEMENT F, LDF (RLIN)
a 7
b cbc
c copycat
d 3
e ncip
f 20
g y-gencatlg
942 ## - ADDED ENTRY ELEMENTS (KOHA)
Source of classification or shelving scheme
Koha item type Hard Covered Materials
Classification part N 7430.5 N39 2003
Holdings
Withdrawn status Lost status Source of classification or shelving scheme Damaged status Not for loan Home library Current library Shelving location Date acquired Source of acquisition Total Checkouts Full call number Barcode Date last seen Price effective from Koha item type
          MACHAKOS UNIVERSITY LIBRARY MACHAKOS UNIVERSITY LIBRARY Open shelf 08/02/2017 Donation (B.F.A)   N 7430.5 N39 2003 32855 08/02/2017 08/02/2017 Hard Covered Materials
© Machakos University Library, Along The Highway, Machakos Wote Rd, Machakos, Kenya P.O. Box 136 - 90100 Machakos - Kenya

Tel: ( +254 ) 723 805829 OR Fax : 044-20353 OR Email: library@mksu.ac.ke